Russell on crime (Record no. 427483)

000 -LEADER
fixed length control field 00428cam a22001457a 4500
008 - FIXED-LENGTH DATA ELEMENTS--GENERAL INFORMATION
fixed length control field 180718b1958 xxu||||| |||| 00| 0 eng d
082 ## - DEWEY DECIMAL CLASSIFICATION NUMBER
Classification number G932x42 R919
100 ## - MAIN ENTRY--PERSONAL NAME
Personal name Russell, William Oldnall
245 ## - TITLE STATEMENT
Title Russell on crime
Statement of responsibility, etc. by William Oldnall Russell
250 ## - EDITION STATEMENT
Edition statement 11th ed.
260 ## - PUBLICATION, DISTRIBUTION, ETC.
Place of publication, distribution, etc. London
Name of publisher, distributor, etc. Stevens
Date of publication, distribution, etc. 1958
300 ## - PHYSICAL DESCRIPTION
Extent v
500 ## - GENERAL NOTE
General note Contents; v.1. cli, 908p; v.2. x, 911p- 1843p
650 ## - SUBJECT ADDED ENTRY--TOPICAL TERM
Topical term or geographic name entry element Criminal law --Great Britain
Holdings
Withdrawn status Lost status Damaged status Not for loan Permanent Location Current Location Date acquired Full call number Barcode Date last seen Price effective from Koha item type
        Indian Institute of Public Administration Indian Institute of Public Administration 2009-11-18 G932x42 R919 17363 2018-07-21 2018-07-21 Book
        Indian Institute of Public Administration Indian Institute of Public Administration 2009-11-18 G932x42 R919 17362 2018-07-21 2018-07-21 Book

Powered by Koha